[Event "Faxe EMT"]
[Site "Faxe"]
[Date "2012.05.09"]
[Round "6"]
[White "Karstensen, Preben"]
[Black "Hansen, Knud"]
[Result "1/2-1/2"]
[WhiteElo "1354"]
[BlackElo "1506"]
[PlyCount "67"]
[EventDate "2012.03.28"]
[EventType "swiss"]
[EventRounds "7"]
[EventCountry "DEN"]
[SourceTitle "EXT 2023"]
[Source "ChessBase"]
[SourceDate "2022.10.05"]
[SourceVersion "1"]
[SourceVersionDate "2022.10.05"]
[SourceQuality "1"]

1. e4 e5 2. Nf3 d6 3. h3 Be7 4. Bc4 Nf6 5. d3 0-0 6. 0-0 Nc6 7. Be3 Na5 8. Nbd2 a6 9. Bb3 Nxb3 10. Nxb3 h6 11. c4 c5 12. a4 Bd7 13. Nbd2 a5 14. Nh2 Nh7 15. f4 f5 16. fxe5 dxe5 17. exf5 Bxf5 18. Ne4 Qc7 19. Qc2 Rad8 20. Rad1 b6 21. Nf3 Nf6 22. Nc3 Be6 23. Nb5 Qb8 24. Qe2 Nd7 25. Nc3 Nf6 26. Bf2 Bd6 27. Nb5 Nd7 28. Bg3 Rde8 29. b3 Bf7 30. Nc3 Bh5 31. Ne4 Bc7 32. Qe3 Re6 33. Rde1 Rfe8 34. Nh4 1/2-1/2

[Event "Faxe EMT"]
[Site "Faxe"]
[Date "2012.04.18"]
[Round "3"]
[White "Hansen, Knud"]
[Black "Petersen, Bent Wester"]
[Result "0-1"]
[WhiteElo "1506"]
[BlackElo "1915"]
[PlyCount "74"]
[EventDate "2012.03.28"]
[EventType "swiss"]
[EventRounds "7"]
[EventCountry "DEN"]
[SourceTitle "EXT 2023"]
[Source "ChessBase"]
[SourceDate "2022.10.05"]
[SourceVersion "1"]
[SourceVersionDate "2022.10.05"]
[SourceQuality "1"]

1. e4 c5 2. d3 g6 3. g3 Bg7 4. Bg2 Nc6 5. Ne2 Nf6 6. 0-0 0-0 7. Nd2 d5 8. exd5 Nxd5 9. Nc4 Re8 10. Rb1 Bf5 11. Ne3 Be6 12. a3 Rc8 13. Nxd5 Bxd5 14. Nf4 Bxg2 15. Nxg2 e5 16. Be3 b6 17. c3 Qe7 18. Qc2 Red8 19. Rbd1 b5 20. Rfe1 a5 21. Qe2 Rd7 22. Rd2 b4 23. axb4 cxb4 24. c4 b3 25. Rc1 Ra8 26. Qf3 e4 27. Qd1 a4 28. Rb1 Ne5 29. Ne1 exd3 30. Nxd3 Nxc4 31. Qf3 Rad8 32. Rbd1 Nxe3 33. Re1 Rxd3 34. Rxd3 Rxd3 35. Rxe3 Rxe3 36. fxe3 Bh6 37. e4 Qc5+ 0-1

[Event "Faxe Eftermiddag-C"]
[Site "Faxe"]
[Date "2011.09.21"]
[Round "3"]
[White "Brinkhard, Anders"]
[Black "Hansen, Knud"]
[Result "1/2-1/2"]
[WhiteElo "1525"]
[BlackElo "1528"]
[PlyCount "126"]
[EventDate "2011.09.07"]
[EventType "tourn"]
[EventRounds "5"]
[EventCountry "DEN"]
[SourceTitle "EXT 2023"]
[Source "ChessBase"]
[SourceDate "2022.10.05"]
[SourceVersion "1"]
[SourceVersionDate "2022.10.05"]
[SourceQuality "1"]

1. Nf3 e6 2. d4 d5 3. c3 h6 4. Bf4 Nf6 5. h3 Bd6 6. Bxd6 Qxd6 7. Nbd2 Nbd7 8. e3 0-0 9. Bd3 e5 10. dxe5 Nxe5 11. Nxe5 Qxe5 12. Nf3 Qd6 13. 0-0 Be6 14. Qc2 c6 15. Rfd1 Qc7 16. Re1 Rae8 17. Qa4 a6 18. Qc2 Bc8 19. a3 Re7 20. Rac1 Rfe8 21. Qd1 b5 22. Bb1 c5 23. b4 c4 24. Qd2 Bb7 25. Nd4 Bc8 26. Qe2 Re5 27. Nf3 R5e7 28. Rcd1 Qc6 29. Rd4 Ne4 30. Bxe4 Rxe4 31. Rxe4 Rxe4 32. Nd4 Qg6 33. Qf3 Re5 34. Kh2 Qd3 35. Qf4 Re8 36. Rc1 Qg6 37. Qg3 Qf6 38. Qf3 Qd6+ 39. Qg3 Qf6 40. Rd1 h5 41. Ne2 Qf5 42. Rd4 Be6 43. Qf3 Qxf3 44. gxf3 g6 45. h4 Kg7 46. Kg3 Kf6 47. Rd2 Rg8 48. f4 Ke7 49. Nd4 Bd7 50. Re2 Kd6 51. f3 Re8 52. e4 dxe4 53. fxe4 f6 54. Kf2 Bc8 55. Nf3 Bg4 56. Rd2+ Kc7 57. Ke3 Bxf3 58. Kxf3 Rd8 59. Rxd8 Kxd8 60. Ke3 Kd7 61. Kd4 Kd6 62. Ke3 Ke6 63. Kf3 Kd6 1/2-1/2

[Event "Faxe Eftermiddag-C"]
[Site "Faxe"]
[Date "2011.09.14"]
[Round "2"]
[White "Hansen, Knud"]
[Black "Strandsbjerg, Jens"]
[Result "0-1"]
[WhiteElo "1528"]
[BlackElo "1453"]
[PlyCount "106"]
[EventDate "2011.09.07"]
[EventType "tourn"]
[EventRounds "5"]
[EventCountry "DEN"]
[SourceTitle "EXT 2023"]
[Source "ChessBase"]
[SourceDate "2022.10.05"]
[SourceVersion "1"]
[SourceVersionDate "2022.10.05"]
[SourceQuality "1"]

1. e4 e6 2. d4 d5 3. e5 c5 4. c3 Nc6 5. Nf3 Qb6 6. Be2 cxd4 7. cxd4 Nge7 8. Bd3 Nb4 9. Nc3 Nxd3+ 10. Qxd3 Bd7 11. 0-0 Nf5 12. a3 Rc8 13. Re1 Be7 14. Rb1 0-0 15. h3 Rc4 16. b3 Rc7 17. Ne2 Rfc8 18. g4 Bb5 19. Qd1 Bxe2 20. Rxe2 Rc3 21. Kg2 Rxf3 22. Kxf3 Nxd4+ 23. Kg2 Nxe2 24. Qxe2 Rc3 25. b4 h6 26. Bb2 Rc4 27. Rd1 Bg5 28. Qd3 Qc6 29. Bd4 a6 30. Kg3 Bd8 31. f3 Bb6 32. Qe3 Bxd4 33. Rxd4 Qb6 34. Rd3 Qxe3 35. Rxe3 g5 36. h4 Kg7 37. hxg5 hxg5 38. Kf2 f6 39. exf6+ Kxf6 40. Ke2 e5 41. Rb3 b5 42. Ke3 Rf4 43. Rd3 Rxf3+ 44. Kxf3 e4+ 45. Ke3 exd3 46. Kxd3 Ke5 47. Ke3 d4+ 48. Kd3 Kd5 49. Kd2 Ke4 50. Ke2 d3+ 51. Kd2 Kd4 52. Kd1 Ke3 53. Ke1 Kf3 0-1

[Event "Faxe EMT"]
[Site "Faxe"]
[Date "2009.04.01"]
[Round "3"]
[White "Lillebro, Verner"]
[Black "Hansen, Knud"]
[Result "0-1"]
[WhiteElo "1285"]
[BlackElo "1633"]
[PlyCount "54"]
[EventDate "2009.03.18"]
[EventType "swiss"]
[EventRounds "7"]
[EventCountry "DEN"]
[SourceTitle "EXT 2023"]
[Source "ChessBase"]
[SourceDate "2022.10.05"]
[SourceVersion "1"]
[SourceVersionDate "2022.10.05"]
[SourceQuality "1"]

1. e4 e5 2. Nf3 d6 3. Nc3 Nf6 4. d4 exd4 5. Nxd4 Be7 6. Bc4 0-0 7. 0-0 a6 8. a4 Nbd7 9. Bf4 Nc5 10. e5 dxe5 11. Bxe5 Ng4 12. Bg3 Bd6 13. Bxd6 Qxd6 14. Nf3 Qxd1 15. Raxd1 c6 16. Rfe1 Bf5 17. Nd4 Bg6 18. h3 Nf6 19. b4 Nce4 20. Nxe4 Nxe4 21. Re3 Rad8 22. f3 Ng3 23. Bd3 Rxd4 24. Rde1 Rxb4 25. Re7 Bxd3 26. cxd3 Nf5 27. R7e4 Rxe4 0-1

[Event "Faxe EMT"]
[Site "Faxe"]
[Date "2009.03.25"]
[Round "2"]
[White "Hansen, Knud"]
[Black "Hansen, Arne Mandrup"]
[Result "1/2-1/2"]
[WhiteElo "1633"]
[BlackElo "1397"]
[PlyCount "52"]
[EventDate "2009.03.18"]
[EventType "swiss"]
[EventRounds "7"]
[EventCountry "DEN"]
[SourceTitle "EXT 2023"]
[Source "ChessBase"]
[SourceDate "2022.10.05"]
[SourceVersion "1"]
[SourceVersionDate "2022.10.05"]
[SourceQuality "1"]

1. e4 d5 2. exd5 Qxd5 3. Nc3 Qa5 4. d4 Nf6 5. Bd2 Nc6 6. Ne4 Qd5 7. Nxf6+ gxf6 8. c3 Bf5 9. Be3 e6 10. Ne2 0-0-0 11. Qa4 a6 12. Nf4 Qd6 13. Be2 Be4 14. f3 Bf5 15. 0-0-0 Nb8 16. g3 Qc6 17. Qxc6 Nxc6 18. Ng2 h6 19. Rhe1 Bg7 20. Nf4 Bf8 21. Nd3 Ne7 22. Nc5 Nd5 23. Bf2 Rd6 24. Bd3 Bxd3 25. Rxd3 Rc6 26. Re2 h5 1/2-1/2

[Event "Ostsjaellands op"]
[Site "Faxe"]
[Date "2006.04.05"]
[Round "4"]
[White "Hansen, Knud"]
[Black "Nesheim, Erik"]
[Result "1-0"]
[WhiteElo "1650"]
[BlackElo "1223"]
[PlyCount "73"]
[EventDate "2006.03.15"]
[EventType "swiss"]
[EventRounds "7"]
[EventCountry "DEN"]
[SourceTitle "EXT 2023"]
[Source "ChessBase"]
[SourceDate "2022.10.05"]
[SourceVersion "1"]
[SourceVersionDate "2022.10.05"]
[SourceQuality "1"]

1. e4 b6 2. Bc4 e6 3. a3 Bb7 4. d3 h6 5. Nf3 d6 6. Nc3 a6 7. Be3 Nd7 8. d4 Ne7 9. Bd3 g5 10. h3 Ng6 11. g3 Bg7 12. Qe2 Qe7 13. Nd2 b5 14. Nb3 Rb8 15. Na2 0-0 16. 0-0 Kh8 17. Na5 Ba8 18. Nb4 Rbc8 19. c3 c5 20. Nxa6 c4 21. Bc2 Nb8 22. Nxb8 Rxb8 23. b4 d5 24. e5 Rg8 25. Rae1 Qe8 26. Qh5 Kh7 27. Bxg5 Rh8 28. Bd2 Kg8 29. f4 Bf8 30. f5 exf5 31. Bxf5 Ne7 32. Bc2 Rb6 33. Rf6 Rxf6 34. exf6 Qb8 35. Qg4+ Ng6 36. Bxg6 Bd6 37. Bf5+ 1-0

[Event "Faxe EMT"]
[Site "Faxe"]
[Date "2005.05.04"]
[Round "6"]
[White "Hansen, Knud"]
[Black "Wehlast, Svend Erik"]
[Result "1/2-1/2"]
[WhiteElo "1650"]
[BlackElo "1479"]
[PlyCount "66"]
[EventDate "2005.03.30"]
[EventType "swiss"]
[EventRounds "7"]
[EventCountry "DEN"]
[SourceTitle "EXT 2023"]
[Source "ChessBase"]
[SourceDate "2022.10.05"]
[SourceVersion "1"]
[SourceVersionDate "2022.10.05"]
[SourceQuality "1"]

1. e4 d6 2. Bc4 Nc6 3. d3 h6 4. Nc3 Nf6 5. a3 e5 6. h3 a6 7. Ba2 b5 8. Nf3 Bb7 9. 0-0 Nd4 10. Nxd4 exd4 11. Ne2 c5 12. Ng3 Qd7 13. Bd2 Qc7 14. Qe1 g6 15. Rc1 Bg7 16. c3 dxc3 17. Bxc3 0-0 18. Qd2 Kh7 19. Qf4 Ng8 20. Bxg7 Kxg7 21. b4 Rac8 22. bxc5 dxc5 23. Qxc7 Rxc7 24. Rc3 Rfc8 25. Rfc1 a5 26. Ne2 Nf6 27. f3 Ba6 28. Kf2 Nd7 29. Nf4 c4 30. dxc4 bxc4 31. Nd5 Rc5 32. Ne3 Ne5 33. Bb1 Rd8 1/2-1/2

[Event "Faxe EMT"]
[Site "Faxe"]
[Date "2005.04.18"]
[Round "4"]
[White "Andersen, Bjarne Hjorth"]
[Black "Hansen, Knud"]
[Result "1/2-1/2"]
[WhiteElo "1789"]
[BlackElo "1650"]
[PlyCount "68"]
[EventDate "2005.03.30"]
[EventType "swiss"]
[EventRounds "7"]
[EventCountry "DEN"]
[SourceTitle "EXT 2023"]
[Source "ChessBase"]
[SourceDate "2022.10.05"]
[SourceVersion "1"]
[SourceVersionDate "2022.10.05"]
[SourceQuality "1"]

1. e4 e5 2. Nf3 d6 3. d4 exd4 4. Nxd4 g6 5. Nc3 Bg7 6. Be3 a6 7. Qd2 Nd7 8. Be2 Ngf6 9. f3 0-0 10. g4 Ne5 11. 0-0-0 b5 12. g5 Ne8 13. Rhg1 Bb7 14. Nb3 Qb8 15. Na5 Nc6 16. Nxb7 Qxb7 17. Nd5 a5 18. f4 Nb4 19. a3 Nxd5 20. Qxd5 c6 21. Qd3 Qe7 22. f5 Be5 23. h4 Qc7 24. Bd4 Ng7 25. Bxe5 dxe5 26. f6 Ne6 27. Qd6 Qxd6 28. Rxd6 Nd4 29. Bg4 Rfd8 30. Rxd8+ Rxd8 31. Rd1 c5 32. c3 Nb3+ 33. Kc2 Rxd1 34. Kxd1 c4 1/2-1/2

[Event "Faxe EMT"]
[Site "Faxe"]
[Date "2005.04.06"]
[Round "2"]
[White "Hansen, Knud"]
[Black "Christoffersen, Per"]
[Result "1/2-1/2"]
[WhiteElo "1650"]
[BlackElo "1495"]
[PlyCount "77"]
[EventDate "2005.03.30"]
[EventType "swiss"]
[EventRounds "7"]
[EventCountry "DEN"]
[SourceTitle "EXT 2023"]
[Source "ChessBase"]
[SourceDate "2022.10.05"]
[SourceVersion "1"]
[SourceVersionDate "2022.10.05"]
[SourceQuality "1"]

1. e4 e6 2. d3 d5 3. exd5 exd5 4. Nf3 Nf6 5. Be2 Bd6 6. h3 0-0 7. 0-0 c6 8. Nc3 Bf5 9. a3 Nbd7 10. Bd2 Re8 11. Re1 Qc7 12. Qc1 Ne5 13. d4 Nxf3+ 14. Bxf3 Rxe1+ 15. Qxe1 Bxc2 16. Rc1 Re8 17. Be3 Bb3 18. Qd2 Nd7 19. Nxd5 Qb8 20. Nc3 Nb6 21. Ne4 Nd5 22. Nxd6 Qxd6 23. Re1 Nxe3 24. Rxe3 Rxe3 25. Qxe3 Be6 26. Bd1 c5 27. Bc2 Qxd4 28. Qxd4 cxd4 29. Bd3 h6 30. f4 Kf8 31. Kf2 Ke7 32. Ke2 Kd6 33. b4 b6 34. h4 Bb3 35. g3 Kd5 36. Kd2 Bc4 37. Bc2 Kc6 38. Ba4+ Kd5 39. Bc2 1/2-1/2

[Event "Faxe EMT"]
[Site "Faxe"]
[Date "2001.04.18"]
[Round "4"]
[White "Hansen, Knud"]
[Black "Karstensen, Preben"]
[Result "1-0"]
[WhiteElo "1763"]
[BlackElo "1647"]
[PlyCount "111"]
[EventDate "2001.03.21"]
[EventType "swiss"]
[EventRounds "7"]
[EventCountry "DEN"]
[SourceTitle "EXT 2023"]
[Source "ChessBase"]
[SourceDate "2022.10.05"]
[SourceVersion "1"]
[SourceVersionDate "2022.10.05"]
[SourceQuality "1"]

1. e4 e6 2. d4 d5 3. e5 c5 4. c3 cxd4 5. cxd4 Nc6 6. Nf3 Nge7 7. Bd3 Ng6 8. 0-0 Be7 9. a3 Bd7 10. g3 a6 11. Re1 b5 12. Nc3 Na5 13. b3 b4 14. Ne2 bxa3 15. Bxa3 Bxa3 16. Rxa3 Qb6 17. Nd2 Nc6 18. Nf3 0-0 19. Qd2 Nb4 20. Bb1 Rfc8 21. Nc3 Ne7 22. Na4 Bxa4 23. bxa4 a5 24. Rb3 Qc6 25. Ra3 Qd7 26. Kg2 Rc4 27. Rd1 Rac8 28. h4 h6 29. g4 Qe8 30. h5 Qf8 31. Rg1 f6 32. exf6 Qxf6 33. Ne5 R4c7 34. Rg3 Qg5 35. Qxg5 hxg5 36. Rh3 Rc1 37. Rhh1 Rxg1+ 38. Rxg1 Nc2 39. Rd1 Nb4 40. Nf3 Kf7 41. Nxg5+ Kf6 42. f4 Nc2 43. Kg3 Rc4 44. Nf3 Nc6 45. g5+ Kf7 46. Bxc2 Rxc2 47. Ne5+ Nxe5 48. fxe5 Rc3+ 49. Kf4 Rc4 50. g6+ Kg8 51. Ke3 Rxa4 52. Rb1 Ra3+ 53. Kd2 Rf3 54. Rb8+ Rf8 55. Rxf8+ Kxf8 56. Kc3 1-0